000 00970nac a22002417a 4500
001 BR8502325
003 BR-BrBNA
005 20240105120316.0
008 230509b bl.|||m| |||| 00| 0 por d
040 _aBR-BrBNA
_bpor
_cBiblioteca Nacional de Agricultura
072 _aA50
090 _aA50 BR8502325
100 1 _aAlves, E.R. de A.
110 1 _aEmpresa Brasileira de Pesquisa Agropecuaria, Brasilia, DF (Brasil). Depto. de Estudos e Pesquisas
_93844
245 1 _aInternational centers and national systems for agricultural research: an institutions-building appoach [pesquisa agricola, transferencia de tecnologia]
260 3 _aBrasilia, DF (Brasil):
_c1985.
300 _a16 p.
490 _aDocumentos - Empresa Brasileira de Pesquisa Agropecuaria. Depto. de Estudos e Pesquisas (Brazil)
_vno. 22
_x
650 _aPESQUISA AGRICOLA
650 _aTRANSFERENCIA DE TECNOLOGIA
909 _a202312
_bLúcia Elande
_c55
_dLúcia Elande
942 _2AGRIS
_n0
_cMS
999 _c278798
_d278798